000 00414cam a2200169 a 4500
020 _a007033868X :
040 _cDLC
082 0 0 _a630 MCG 1994 A043 Or.
100 1 _aKay, Ronald D.
245 1 0 _aFarm management /
250 _a3rd ed.
260 _aNew York :
_bMcGraw-Hill,
_cc1994.
300 _axix, 458 p. :
_bill. ;
_c25 cm.
650 0 _aFarm management.
700 1 _aEdwards, William M.
942 _cEK
999 _c12634
_d12634